000 00690nam a2200181Ia 4500
008 151202s9999||||xx |||||||||||||| ||und||
082 _bPNVM-20046
100 _aवैद्य (द्वारकानाथ).
245 _aनारायण गणेश चंदावरकर.
260 _b"कर्नाटक पब्लि, हाऊस."
260 _c1937
300 _a0
600 _aवैद्य (द्वारकानाथ).
630 _aनारायण गणेश चंदावरकर.
700 _aवैद्य (द्वारकानाथ).
730 _aनारायण गणेश चंदावरकर.
942 _cBOOK
999 _c1286026
_d1286023